Statistics for The Chronicles of Narnia - All Books

Click here to take the quiz!

General Stats

  • This quiz has been taken 31 times
  • The average score is 6 of 7

Answer Stats

Main CharacterBook% Correct
Peter, Susan, Edmund and LucyThe Lion, The Witch And The Wardrobe
100%
Peter, Susan, Edmund, Lucy and -------Prince Caspian
93%
Shasta and BreeThe Horse And His Boy
90%
Eustace (All)The Last Battle
90%
DigoryThe Magicians Nephew
90%
Edmund, Lucy, Eustace and CaspianThe Voyage of The Dawn Treader
90%
EustaceThe Silver Chair
83%

Score Distribution

Percentile by Number Answered

Percent of People with Each Score

Your Score History

You have not taken this quiz